S animals - Statistics

General Stats
  • This quiz has been taken 62 times
  • The average score is 10 of 13
Answer Stats
Picture Answer % Correct
Snake
98%
Shark
96%
Sheep
96%
Snail
96%
Sloth
90%
Seal
85%
Starfish
83%
Slug
79%
Stegosaurus
67%
Squid
60%
Shetland pony
54%
Spaniel
37%
Sausage dog
23%
No matching quizzes found
Score Distribution
Percent of People with Each Score
Percentile by Number Answered
Your Score History
You have not taken this quiz